[Event "IV Russian Cup Final"]
[Site "Elista RUS"]
[Date "2000.08.30"]
[Round "11"]
[White "Popov,Val"]
[Black "Bocharov,D"]
[Result "1/2-1/2"]
[WhiteElo "2557"]
[BlackElo "2438"]

1.d4 Nf6 2.Nf3 e6 3.c4 Bb4+ 4.Nbd2 O-O 5.a3 Be7 6.e4 d5 7.e5 Nfd7 8.cxd5 exd5
9.Bd3 c5 10.O-O Nc6 11.dxc5 Nxc5 12.Nb3 Nxd3 13.Qxd3 Bg4 14.Nbd4 Rc8 15.Be3 Re8
16.Rac1 Qd7 17.h3 Bh5 18.Rfe1 Bf8 19.Bf4 Bg6 20.Qd2 Nxd4 21.Nxd4 Rc4 22.b3 Rxc1
23.Qxc1 Rc8 24.Qb2 Bc5 25.Rc1 Bb6 26.Be3 h6 27.Rxc8+ Qxc8 28.Qd2 Qd7 29.Ne2 Bc7
30.Bd4 Bf5 31.Qb4 b6 32.Qc3 Bd8 33.Qf3 Be6 34.a4 Qc6 35.Qd3 Be7 36.Kh2 Qc7
37.Kg1 Bb4 38.Kh2 Be7 39.Bc3 Bc5 40.f4 Qd7 41.Bd4 Bf5 42.Qc3 Be7 43.a5 Bd8
44.axb6 axb6 45.Ng3 Be4 46.Kg1 b5 47.Ne2 h5 48.Be3 Qe6 49.Bc5  1/2-1/2

[Event "Open"]
[Site "Abudhabi UAE"]
[Date "2000.09.01"]
[Round "6"]
[White "Safin,S"]
[Black "Maherramzade,J"]
[Result "1/2-1/2"]
[WhiteElo "2518"]
[BlackElo "2433"]

1.d4 Nf6 2.c4 e6 3.Nf3 Bb4+ 4.Nbd2 O-O 5.a3 Be7 6.e3 c5 7.dxc5 Bxc5 8.Bd3 Be7
9.O-O d6 10.b4 b6 11.Bb2 Bb7 12.Rc1 Nbd7 13.Bb1 Re8 14.Qc2 h6 15.h3 Rc8 16.Bc3 a6
17.Qb2 Rc7 18.Nh2 Qa8 19.f3 Bf8 20.Ng4 Nh5 21.Qc2 g6 22.Qd3 Rec8 23.Ba2 a5  1/2-1/2

[Event "LVI ch-POR"]
[Site "Barreiro POR"]
[Date "2000.09.04"]
[Round "3"]
[White "Santos,AP"]
[Black "Pinheiro,A"]
[Result "1-0"]
[WhiteElo "2272"]
[BlackElo "2087"]

1.d4 Nf6 2.c4 e6 3.Nf3 Bb4+ 4.Nbd2 O-O 5.g3 c5 6.dxc5 Bxc5 7.Bg2 Bxf2+ 8.Kxf2 Ng4+
9.Ke1 Qb6 10.c5 Qxc5 11.Ne4 Qb4+ 12.Nc3 Nc6 13.Qa4 f5 14.Qxb4 Nxb4 15.Bf4 Nc2+
16.Kd2 Nxa1 17.Bd6 Rf6 18.Ne5 Nxe5 19.Bxe5 Rf7 20.Bd6 a5 21.Rxa1 h6 22.Rc1 Kh7
23.Na4 Ra6 24.Ba3 b5 25.Rxc8 b4 26.Bxb4 axb4 27.b3 Rd6+ 28.Ke3 Rd1 29.Rc4 Ra1
30.Rc2 d6 31.Rd2 e5 32.Rxd6 Rxa2 33.Bd5 Re7 34.Nc5 e4 35.Ne6 Rea7 36.Nf8+ Kh8
37.Ng6+ Kh7 38.Nf8+ Kh8 39.h4 h5 40.Rd8 Ra1 41.Kf4 g6 42.Nxg6+ Kg7 43.Kg5  1-0

[Event "6th WUCC Women"]
[Site "Golden Sands BUL"]
[Date "2000.09.10"]
[Round "9"]
[White "Guseva,O"]
[Black "Navabi,S"]
[Result "0-1"]
[WhiteElo "2173"]
[BlackElo "2007"]

1.d4 Nf6 2.Nf3 e6 3.c4 Bb4+ 4.Nbd2 d5 5.Qa4+ Nc6 6.a3 Be7 7.e3 O-O 8.Qc2 Re8
9.b4 a6 10.Bb2 Bf8 11.Bd3 g6 12.O-O Bg7 13.Rad1 Ne7 14.e4 c6 15.e5 Nd7 16.h4 Nf5
17.h5 gxh5 18.cxd5 cxd5 19.g3 f6 20.Rfe1 Nf8 21.Bxf5 exf5 22.Nh4 fxe5 23.dxe5 f4
24.Nf5 fxg3 25.Nf3 gxf2+ 26.Kxf2 Bxf5 27.Qxf5 Ne6 28.Rh1 Qb6+ 29.Kg3 Rad8
30.Rxh5 Nf8 31.Qg4 Re6 32.Rg5 Rg6 33.Bd4  0-1

[Event "chT-POL"]
[Site "Zakopane chT"]
[Date "2000.09.12"]
[Round "10"]
[White "Radziewicz,I"]
[Black "Iwaniuk,D"]
[Result "1-0"]
[WhiteElo "2379"]
[BlackElo "2220"]

1.d4 Nf6 2.c4 e6 3.Nf3 Bb4+ 4.Nbd2 b6 5.a3 Bxd2+ 6.Qxd2 Bb7 7.e3 d6 8.Be2 Nbd7
9.O-O c5 10.b4 O-O 11.Bb2 Qe7 12.dxc5 bxc5 13.b5 Ne4 14.Qc2 f5 15.Bd3 Ng5
16.Ne1 g6 17.f3 e5 18.Qc3 Nf6 19.Rf2 e4 20.h4 Nxf3+ 21.gxf3 exd3 22.Ng2 Rae8
23.Rd1 d5 24.cxd5 Bxd5 25.Rxd3 Qb7 26.e4 Be6 27.Re3 Qxb5 28.exf5 Bxf5 29.Rxe8 Qxe8
30.Nf4 Qa4 31.Qe5 Qc6 32.Nh5 Nxh5 33.Qh8+ Kf7 34.Qxh7+ Ke6 35.Re2+ Kd5 36.Qe7 Re8
37.Qxe8 Qxe8 38.Rxe8 Nf4 39.h5 Nxh5 40.Rd8+ Kc4 41.Be5 Kb3 42.Ra8 Kxa3 43.Rxa7+ Kb3
44.Kf2 Kc4 45.Ra3 Kd5 46.Re3 c4 47.Ke1 Bd3 48.Kd2 Ke6 49.Bh2+ Kd5 50.Kc3 Ng7
51.Re5+ Kc6 52.Re7 Nh5 53.Kd4 Kb5 54.Be5 Be2 55.Rf7 Bd3 56.Rd7 Be2 57.Rd5+ Kb4
58.Rd6 Bd3 59.Rb6+ Ka5 60.Kc5 Ka4 61.Kd4 Ka5 62.Bc7 Ka4 63.Kc3 Ng7 64.Rb4+ Ka3
65.Rb5 Ka2 66.Ra5+ Kb1 67.Be5 Nf5 68.Kd2  1-0

[Event "World Seniors (Women)"]
[Site "Rowy POL"]
[Date "2000.09.21"]
[Round "9"]
[White "Kozlovskaya,V"]
[Black "Strelnikova,E"]
[Result "1-0"]
[WhiteElo "2193"]
[BlackElo "2232"]

1.d4 Nf6 2.Nf3 e6 3.c4 Bb4+ 4.Nbd2 c5 5.e3 Ne4 6.Bd3 Nxd2 7.Bxd2 Bxd2+ 8.Qxd2 d6
9.O-O O-O 10.Rfd1 Qe7 11.Qc3 b6 12.dxc5 bxc5 13.Be4 Bb7 14.Bxb7 Qxb7 15.Rxd6 Nc6
16.Rad1 Rab8 17.h3 h6 18.b3 Qc7 19.Rd7 Qc8 20.Ne5 Rb7 21.Rxb7 Qxb7 22.Nxc6 Qxc6
23.Qe5 Qb6 24.f4 Qa5 25.Qb2 Qb6 26.Qc3 a5 27.Kh2 Ra8 28.Qe5 a4 29.Rd6 Qb4
30.Rc6 axb3 31.axb3 Qxb3 32.Rxc5 Qc2 33.Qh5 Qe4 34.Qe2 Ra3 35.Re5 Qc6 36.Qc2 Ra4
37.Rb5 Ra8 38.Qb3 Kh7 39.Rb7 Rc8 40.Rxf7 Qxc4 41.Qb1+ Qc2 42.Qb7 Rg8 43.Re7 Qg6
44.Qd7 Rb8 45.Qxe6 Rb6 46.Qxg6+ Kxg6 47.Re5 Kf6 48.h4 g6 49.Kg3 Rb3 50.Kf3 Rb2
51.Rc5 Rb6 52.g4 Ra6 53.h5 gxh5 54.gxh5 Rb6 55.Kg4 Re6 56.Rf5+ Kg7 57.Kf3 Ra6
58.e4 Ra1 59.Rb5 Ra7 60.e5 Rc7 61.Kg4 Ra7 62.Rb6 Re7 63.Rg6+ Kh7 64.e6 Ra7
65.f5 Ra1 66.e7 Re1 67.Re6  1-0

[Event "Chigorin Mem"]
[Site "St Petersburg RUS"]
[Date "2000.11.01"]
[Round "2"]
[White "Malaniuk,V"]
[Black "Fedorchuk,S"]
[Result "1/2-1/2"]
[WhiteElo "2548"]
[BlackElo "2408"]

1.d4 Nf6 2.Nf3 e6 3.c4 Bb4+ 4.Nbd2 O-O 5.a3 Bxd2+ 6.Bxd2 Ne4 7.Be3 d6 8.g3 Nd7
9.Bg2 f5 10.O-O Ndf6 11.Ne1 h6 12.Nd3 Qe8 13.f3 Ng5 14.Qc1 Nf7 15.Bd2 b6
16.e4 fxe4 17.fxe4 e5 18.d5 a5 19.b3 Nd8 20.Nf2 Qh5 21.Qd1 Qg6 22.Qe2 Nf7
23.b4 Ng5 24.Rfc1 Nh5 25.Bxg5 Qxg5 26.c5 axb4 27.axb4 Ra3 28.Re1 Rxa1 29.Rxa1 bxc5
30.bxc5 dxc5 31.Qe1 Nf6 32.Qc1 Qh5 33.Qe3 Ng4 34.Nxg4 Bxg4 35.Qxc5 Qg5 36.Qc3 Qf6
37.Qe3 Rc8 38.h3 Bd7 39.Qc5 Qd6 40.Qxd6 cxd6 41.Ra6 Rc1+ 42.Kh2 Bb5 43.Rb6 Bf1
44.Bf3 Rc2+ 45.Kg1 Be2 46.Bg2 Rc1+ 47.Kf2 Rc2 48.Ke3 Bc4 49.Bf3 Rc3+ 50.Kf2 Rc2+
51.Ke1 Rc3 52.Bg4 Re3+ 53.Kd2 Rxe4 54.Rxd6 Kf8 55.Kc3 Rd4 56.Re6 Bxd5 57.Rxe5 Rc4+
58.Kd3  1/2-1/2

[Event "Chigorin Mem"]
[Site "St Petersburg RUS"]
[Date "2000.11.04"]
[Round "4"]
[White "Purgin,N"]
[Black "Kazantsev,Va"]
[Result "1-0"]
[WhiteElo "2310"]
[BlackElo "2112"]

1.d4 Nf6 2.c4 e6 3.Nf3 Bb4+ 4.Nbd2 b6 5.e3 Bb7 6.Bd3 O-O 7.O-O d5 8.a3 Bxd2
9.Bxd2 dxc4 10.Bxc4 Nbd7 11.Qe2 Ne4 12.Be1 c5 13.Rd1 Qc8 14.Ne5 cxd4 15.Nxd7 Qxd7
16.Rxd4 Qc7 17.f3 Nf6 18.Bg3 e5 19.Rfd1 Rfe8 20.Rd6 a6 21.Bh4 b5 22.Bb3 Rad8
23.Qd2 Rxd6 24.Qxd6 Qxd6 25.Rxd6 Kf8 26.Bxf6 gxf6 27.Rxf6 Re7 28.e4 Kg7 29.Rb6 Rd7
30.h3 Rd3 31.Bxf7 Bxe4 32.fxe4 Kxf7 33.Rxa6 Rb3 34.Ra7+ Kf6 35.Rxh7 Rxb2
36.Rb7 Re2 37.Rxb5 Rxe4 38.Kf2 Rc4 39.Rb3 Rc1 40.h4 Kf5 41.h5 Kf4 42.Rf3+ Kg4
43.h6 Rc7 44.Rh3  1-0

[Event "Chigorin Mem"]
[Site "St Petersburg RUS"]
[Date "2000.11.05"]
[Round "5"]
[White "Achang,A"]
[Black "Guseva,O"]
[Result "0-1"]
[WhiteElo "2331"]
[BlackElo "2173"]

1.d4 Nf6 2.c4 e6 3.Nf3 Bb4+ 4.Nbd2 b6 5.a3 Bxd2+ 6.Bxd2 Bb7 7.Bg5 h6 8.Bh4 d6
9.e3 Nbd7 10.Be2 g5 11.Bg3 h5 12.h3 Ne4 13.Qc2 Qe7 14.Bd3 f5 15.O-O-O O-O-O
16.h4 g4 17.Ne1 Nxg3 18.fxg3 Nf6 19.Qa4 Kb8 20.Rd2 Rhf8 21.Nc2 Ne4 22.Bxe4 fxe4
23.d5 exd5 24.cxd5 Qe5 25.Rhd1 Rde8 26.Nd4 Qxd5 27.Nb5 Qc5+ 28.Rc2 Qxe3+
29.Kb1 a6 30.Nxc7 Rc8 31.Rdc1 Qd3 32.Ka2 Rf7 33.Rc3 Bd5+ 34.b3 Rfxc7 35.Rxd3 Rxc1
36.Rd2 R1c3 37.Qd7 Bxb3+ 38.Kb2 d5 39.Rf2 R3c7 40.Qd6 Bc4 41.Kc3 Kb7 42.Kd4 a5
43.Rf5 Rc6 44.Qe7+ R8c7 45.Qe5 Ba2 46.Rf8 Rc4+ 47.Ke3 Rc3+ 48.Kf4 Rxa3 49.Qb2 Rcc3
50.Rf6 Rcb3 51.Rxb6+ Kxb6 52.Qd4+ Kc6 53.Qa7 e3 54.Kg5 Rd3 55.Qe7 Bc4 56.Kf5 Rab3
57.Qe6+ Kc5 58.Qc8+ Kb4 59.Qb8+ Kc3 60.Qe5+ d4  0-1

[Event "34th Olympiad"]
[Site "Istanbul TUR"]
[Date "2000.11.08"]
[Round "11"]
[White "Efimov,I"]
[Black "Galego,L"]
[Result "1-0"]
[WhiteElo "2520"]
[BlackElo "2419"]

1.d4 Nf6 2.c4 e6 3.Nf3 Bb4+ 4.Nbd2 d5 5.a3 Be7 6.g3 O-O 7.Bg2 dxc4 8.Nxc4 c5
9.O-O cxd4 10.Nxd4 a6 11.b4 Qc7 12.Na5 e5 13.Qc2 Qxc2 14.Nxc2 e4 15.Bb2 Nc6
16.Nxc6 bxc6 17.Nd4 Bd7 18.Rac1 Rfc8 19.Nb3 Be6 20.Na5 Bd5 21.Bh3 Rcb8 22.Be5 Rb5
23.Rfd1 Bd8 24.Nxc6 Bxc6 25.Bxf6 Bxf6 26.Rxc6 a5 27.Rc5 Rbb8 28.Rxa5 Rxa5
29.bxa5 Ra8 30.Rd5 g6 31.Bg2 Bc3 32.Bxe4 Rxa5 33.Rxa5 Bxa5 34.Bd5 Kf8 35.Kf1 Ke7
36.e3 f6 37.Ke2 Kd6 38.Bg8 h6 39.Bf7 g5 40.g4 Ke5 41.Bg6 Kd5 42.f4 gxf4 43.exf4 Kd4
44.a4 Bc7 45.Kf3 Ba5 46.h4 Bd2 47.Bf7 Kd3 48.Bg8 Kd4 49.Be6 Kd3 50.g5 fxg5
51.hxg5 hxg5 52.f5 Bc3 53.Kg4 Ke4 54.Kxg5 Ke5 55.Bb3 Ba5 56.Kg6 Bd8 57.Bd1  1-0

[Event "Chigorin Mem"]
[Site "St Petersburg RUS"]
[Date "2000.11.08"]
[Round "7"]
[White "Tarasov,M"]
[Black "Grebenschikova,N"]
[Result "1-0"]
[WhiteElo "2335"]
[BlackElo "2082"]

1.d4 Nf6 2.c4 e6 3.Nf3 Bb4+ 4.Nbd2 b6 5.g3 Bb7 6.Bg2 O-O 7.O-O Bxd2 8.Qxd2 d6
9.b3 Nbd7 10.Bb2 Ne4 11.Qc2 f5 12.e3 Rb8 13.Rad1 Qe8 14.Ne1 Qh5 15.f3 Ng5
16.h4 Nf7 17.Nd3 g5 18.hxg5 Qxg5 19.Kf2 Nh6 20.Rh1 Nf6 21.Nf4 Rfe8 22.Rh4 e5
23.dxe5 dxe5 24.Ne2 Nhg4+ 25.fxg4 Nxg4+ 26.Rxg4 fxg4 27.Bxb7 Rf8+ 28.Ke1 Rxb7
29.Rd7 Qh5 30.Qe4 Rbb8 31.Bxe5 Rf7 32.Rxf7 Kxf7 33.Qd5+ Ke8 34.Qe6+ Kf8 35.Qf6+ Ke8
36.Bxc7 Qh1+ 37.Kd2 Rb7 38.Qe6+ Kf8 39.Bd6+ Kg7 40.Qxg4+ Kf7 41.Qf5+ Ke8
42.Qf8+ Kd7 43.Qe7+  1-0

[Event "Chigorin Mem"]
[Site "St Petersburg RUS"]
[Date "2000.11.09"]
[Round "8"]
[White "Burmakin,V"]
[Black "Fedorchuk,S"]
[Result "1/2-1/2"]
[WhiteElo "2538"]
[BlackElo "2408"]

1.d4 Nf6 2.Nf3 e6 3.c4 Bb4+ 4.Nbd2 O-O 5.g3 d5 6.Bg2 dxc4 7.Qc2 c5 8.Qxc4 Nc6
9.dxc5 Qd5 10.O-O Bxc5 11.Qc2 e5 12.Nb3 Bb6 13.Nfd2 Qe6 14.Nc4 Nb4 15.Qc3 Nc6
16.Nxb6 axb6 17.Rd1 Bd7 18.Bg5 Ra4 19.Bxf6 gxf6 20.Bd5 Qe7 21.a3 Be6 22.Qe3 Bxd5
23.Rxd5 Qe6 24.Rb5 Nd4 25.Nxd4 Rxd4 26.Qb3 Rd6 27.Qxe6 fxe6 28.Rc1 Kg7 29.Rc4 Kg6
30.Rg4+ Kf7 31.Rgb4 Rd2 32.Re4 Rd6 33.Reb4 Rd2 34.Rxb6 Rxe2 35.Rxb7+ Kg6
36.Kf1 Rd2 37.Rb8 Rxb8 38.Rxb8 h5 39.Rb7 Kf5 40.a4 e4 41.a5 Rd1+ 42.Ke2 Ra1
43.Rb5+ e5 44.h3 Kg5 45.Ke3 Re1+ 46.Kd2 Ra1 47.Ke2 Kf5 48.h4 Kg6 49.b3 Kf5
50.Ke3 Ra2 51.Rb4 Rxa5 52.Rxe4 Rb5 53.b4 Rd5 54.f3 Rd1 55.g4+ hxg4 56.Rxg4 Ke6
57.Kf2 f5 58.Rg6+ Kf7 59.Rb6 Rd2+ 60.Ke3 Rh2 61.Rh6 Rb2  1/2-1/2

[Event "ch-POL Semi-Finals"]
[Site "Polanczyk POL"]
[Date "2000.11.12"]
[Round "9"]
[White "Czerwonski,A"]
[Black "Bartel,Mat"]
[Result "1/2-1/2"]
[WhiteElo "2378"]
[BlackElo "2313"]

1.d4 Nf6 2.c4 e6 3.Nf3 Bb4+ 4.Nbd2 b6 5.a3 Bxd2+ 6.Bxd2 Bb7 7.Bg5 d6 8.e3 Nbd7
9.Qc2 h6 10.Bh4 Qe7 11.Rd1 g5 12.Bg3 h5 13.h4 Ne4 14.Nxg5 Nxg3 15.fxg3 O-O-O
16.Bd3 f6 17.Nf3 Rdg8  1/2-1/2

[Event "Tch-AUT 2000-01"]
[Site "Gleisdorf AUT"]
[Date "2000.11.19"]
[Round "5"]
[White "Ftacnik,L"]
[Black "Hertneck,G"]
[Result "1/2-1/2"]
[WhiteElo "2618"]
[BlackElo "2568"]

1.d4 Nf6 2.Nf3 e6 3.c4 Bb4+ 4.Nbd2 O-O 5.a3 Be7 6.Qc2 d5 7.e3 b6 8.Bd3 Bb7
9.cxd5 exd5 10.g4 Nbd7 11.g5 Ne4 12.Nxe4 dxe4 13.Bxe4 Bxe4 14.Qxe4 Bxg5 15.Qc6 Qf6
16.Qd5 Bh6 17.Bd2 Rad8 18.Qh5 g6 19.Qh3 Bg7 20.Bc3 Qe7 21.O-O c5 22.Rfe1 f5
23.Rad1 Rfe8 24.Qg2 Qe4  1/2-1/2

[Event "VI Open"]
[Site "Lisbon POR"]
[Date "2000.11.21"]
[Round "4"]
[White "Damaso,R"]
[Black "Ikonnikov,V"]
[Result "1-0"]
[WhiteElo "2386"]
[BlackElo "2548"]

1.Nf3 Nf6 2.d4 e6 3.c4 Bb4+ 4.Nbd2 b6 5.e3 Bb7 6.Bd3 O-O 7.O-O Bxd2 8.Bxd2 Ne4
9.Bb4 d6 10.Nd2 f5 11.f3 Na6 12.Ba3 Nxd2 13.Qxd2 c5 14.b3 Qe7 15.Rae1 e5
16.f4 e4 17.Be2 Rad8 18.Rb1 Bc8 19.Kh1 h6 20.Rg1 Kh7 21.g4 fxg4 22.Bxg4 Rg8
23.Bxc8 Rxc8 24.Rbd1 Rcf8 25.dxc5 dxc5 26.Qg2 g5 27.Qh3 Nb8 28.Bb2 gxf4 29.Rxg8 Rxg8
30.Qf5+ Rg6 31.Rd8  1-0

[Event "VI Open"]
[Site "Lisbon POR"]
[Date "2000.11.23"]
[Round "6"]
[White "Spraggett,K"]
[Black "Ikonnikov,V"]
[Result "1/2-1/2"]
[WhiteElo "2501"]
[BlackElo "2548"]

1.d4 Nf6 2.c4 e6 3.Nf3 Bb4+ 4.Nbd2 b6 5.e3 Bb7 6.a3 Bxd2+ 7.Qxd2 d6 8.Bd3 Nbd7
9.O-O e5 10.Be2 O-O 11.b4 a5 12.Bb2 e4 13.Ne1 axb4 14.axb4 Rxa1 15.Bxa1 d5
16.Nc2 dxc4 17.d5 Bxd5 18.Na3 Qe7 19.Nxc4 Ra8 20.Rc1 h6 21.h3 Qe6 22.Qc3 Qc6
23.Qb2 Qb5 24.Bf1 Qa4 25.Qc3 c5 26.bxc5 bxc5 27.Nd6 Qa3 28.Qxa3 Rxa3 29.Bxf6 Nxf6
30.Nb5  1/2-1/2

[Event "Open"]
[Site "Padova ITA"]
[Date "2000.12.02"]
[Round "1"]
[White "Chatalbashev,B"]
[Black "Van Hoolandt,P"]
[Result "1/2-1/2"]
[WhiteElo "2494"]
[BlackElo "2169"]

1.d4 Nf6 2.c4 e6 3.Nf3 Bb4+ 4.Nbd2 b6 5.a3 Bxd2+ 6.Qxd2 Bb7 7.e3 O-O 8.Be2 d6
9.O-O Nbd7 10.b3 Qe7 11.Bb2 Rfd8 12.Rfd1 c5 13.Rac1 d5 14.cxd5 Bxd5 15.Qc2 Bb7
16.dxc5 Nxc5 17.b4 Rxd1+ 18.Rxd1 Nce4 19.Ne5 Rc8 20.Qd3 Ne8 21.Bf3 N4d6 22.Bxb7 Qxb7
23.b5 f6 24.Nc6 Nxb5 25.Nd8 Qd5 26.Qe2 Qb3 27.Nxe6 Rc2 28.Qg4 Rxb2 29.Nxg7 Nxg7
30.Rd8+ Kf7 31.Qd7+ Kg6 32.Qg4+ Kf7 33.Qd7+ Kg6 34.Qg4+  1/2-1/2

[Event "Open"]
[Site "Padova ITA"]
[Date "2000.12.04"]
[Round "3"]
[White "Zlochevskij,A"]
[Black "Van Hoolandt,P"]
[Result "1-0"]
[WhiteElo "2450"]
[BlackElo "2169"]

1.d4 Nf6 2.c4 e6 3.Nf3 Bb4+ 4.Nbd2 b6 5.a3 Bxd2+ 6.Qxd2 Bb7 7.e3 O-O 8.Be2 d6
9.O-O Nbd7 10.b4 c5 11.Bb2 Qe7 12.Rad1 Rfd8 13.Ba1 Rac8 14.Qb2 Ne8 15.Rd2 Ndf6
16.Rfd1 Ne4 17.Rc2 Ba8 18.Ne1 d5 19.cxd5 cxb4 20.axb4 Rxc2 21.Qxc2 exd5 22.b5 N4d6
23.Qb3 Nc7 24.Qa3 Nce8 25.Nd3 Rc8 26.Bc3 Qc7 27.Be1 Nxb5 28.Qa2 Qc2 29.Qa6 Qxe2
30.Qxc8 Nd6 31.Qc1 Nc4 32.Nf4 Qa2 33.Qc3 Qa4 34.Ra1 Qd7 35.Nd3 f6 36.Nb2 Ned6
37.Nxc4 Nxc4 38.Qb3 Bc6 39.Bb4 a5 40.Bc3 a4  1-0

[Event "1st It"]
[Site "Odivelas POR"]
[Date "2000.12.07"]
[Round "10"]
[White "Guerra,V"]
[Black "Ikonnikov,V"]
[Result "0-1"]
[WhiteElo "2156"]
[BlackElo "2548"]

1.d4 Nf6 2.c4 e6 3.Nf3 Bb4+ 4.Nbd2 O-O 5.g3 c5 6.a3 Bxd2+ 7.Bxd2 cxd4 8.Bb4 Re8
9.Nxd4 d5 10.cxd5 Qxd5 11.Nf3 Qh5 12.Bg2 Nc6 13.Bc3 e5 14.O-O Bh3 15.Qb3 Re7
16.Rfd1 Bxg2 17.Kxg2 e4 18.Ng1 Ne5 19.Bxe5 Qxe5 20.Rac1 b6 21.Rc3 h6 22.h3 Rae8
23.Rd2 Qf5 24.e3 Rd7 25.Rxd7 Nxd7 26.Qa4 b5 27.Qxa7 Ne5 28.Qc5 Rd8 29.Rc2 Rd1
30.Qc8+ Qxc8 31.Rxc8+ Kh7 32.Rc2 Nd3 33.Re2 Rb1 34.Rd2 Rxb2 35.Rxb2 Nxb2
36.Ne2 Nc4 37.Nc3 Nxa3 38.Nxe4 Kg6 39.Kf3 Kf5 40.Nd2 Ke5 41.Ke2 Nc4 42.Nb3 Kd5
43.Kd3 Ne5+ 44.Kc3 b4+ 45.Kc2 Nd7 46.Nd2 Nc5 47.f3 Kc6 48.Nc4 f6 49.h4 Kb5
50.Nb2 Na4 51.Nd3 Kc4 52.Nxb4 Kxb4 53.Kd3 Kc5 54.Ke4 Kd6 55.Kf5 Ke7 56.Kg6 Kf8
57.g4 Nb6 58.g5 hxg5 59.hxg5 fxg5 60.Kxg5 Nc4 61.Kf4 Kf7 62.e4 Kf6 63.Kg4 Nd6
64.Kh5 Nb7 65.Kg4 Nc5 66.Kf4 Ne6+ 67.Kg4 Ke5 68.Kg3 Kd4 69.Kg4 g6 70.Kg3 Kd3
71.Kh4 Ke3 72.Kg3 Nd4 73.e5 Ne6 74.Kg4 Kd4  0-1

[Event "Open"]
[Site "Padova ITA"]
[Date "2000.12.08"]
[Round "7"]
[White "Zlochevskij,A"]
[Black "Quinn,M"]
[Result "1/2-1/2"]
[WhiteElo "2450"]
[BlackElo "2381"]

1.d4 Nf6 2.c4 e6 3.Nf3 Bb4+ 4.Nbd2 O-O 5.a3 Be7 6.e4 d5 7.e5 Nfd7 8.cxd5 exd5
9.b4 a5 10.b5 a4 11.Bd3 c5 12.h4 h6 13.Bc2 cxd4 14.Qe2 Qc7 15.Kd1 Qc3 16.Ra2 Nc5
17.Bb2 Qxc2+ 18.Kxc2 d3+ 19.Qxd3 Nxd3 20.Kxd3 Nd7 21.Bd4 Bc5 22.Rb1 b6 23.Bc3 Ra7
24.g3 Re8 25.Ke2 Bd6 26.Re1 f6 27.e6 Rxe6+ 28.Kf1 Rxe1+ 29.Kxe1 Rc7 30.Bb4 Nc5
31.Kf1 Re7 32.Nb1 Bf5 33.Nc3 Bd3+ 34.Kg1 Be4 35.Nd4 Ra7 36.Re2 Kf7 37.Kh2 g5
38.f3 Bd3 39.Rd2 gxh4 40.Bxc5 Bxg3+ 41.Kg2 Bc4 42.Bxb6 Ra8 43.Nf5 Bf4 44.Be3 h3+
45.Kxh3 Bf1+ 46.Kh4 Be5 47.Ne2 Rc8 48.f4 Bb8 49.b6 Bg2 50.Ned4 Be4 51.Ng3 Rc3
52.Nxe4 Rxe3 53.Nc5 Bxf4 54.Rd3 Re1 55.Nxa4 Rb1 56.Nb3 f5 57.Kh3 Kf6 58.Nac5 Rb2
59.Nd2 Bxd2 60.Rxd2 Rxd2 61.b7 Rb2 62.b8=Q Rxb8 63.Nd7+ Ke6 64.Nxb8 Kd6 65.Na6 d4
66.Nb4 Kc5 67.Kg3 Kc4 68.Kf4 Kb3 69.Kxf5  1/2-1/2

[Event "TCh-YUG Women"]
[Site "Kragujevac YUG"]
[Date "2000.12.11"]
[Round "1"]
[White "Vasic,M"]
[Black "Zivkovic,Ves"]
[Result "1-0"]
[WhiteElo "2115"]
[BlackElo "2171"]

1.d4 Nf6 2.c4 e6 3.Nf3 Bb4+ 4.Nbd2 O-O 5.a3 Bxd2+ 6.Qxd2 b6 7.g3 Bb7 8.Bg2 d6
9.b4 a5 10.Bb2 axb4 11.axb4 Rxa1+ 12.Bxa1 Ne4 13.Qc2 f5 14.Nd2 d5 15.Nxe4 fxe4
16.O-O Nc6 17.Qc3 Qe7 18.b5 Na5 19.c5 Qe8 20.Qb4 Qg6 21.Bc3 Nc4 22.c6 Bc8
23.Qe7 e3 24.Bb4 Re8 25.Qxc7 exf2+ 26.Rxf2 Ne3 27.Qf4 Qb1+ 28.Bf1 Nf5 29.Ba3 Qa1
30.Qf3 Qxd4 31.g4 Nh6 32.h3 Kh8 33.Bc1 Ng8 34.Be3 Qe5 35.Bxb6 Qb8 36.Qe3 e5
37.Qc5 Be6 38.Ba7 Qd8 39.b6 Nf6 40.Bg2 e4 41.b7 Qc7 42.Bb6 Qb8 43.Ba7 Qc7
44.Qb6  1-0

[Event "It"]
[Site "Kastav CRO"]
[Date "2000.12.14"]
[Round "3"]
[White "Inkiov,V"]
[Black "Cebalo,M"]
[Result "1/2-1/2"]
[WhiteElo "2416"]
[BlackElo "2520"]

1.d4 Nf6 2.Nf3 e6 3.c4 Bb4+ 4.Nbd2 b6 5.e3 Bb7 6.Bd3 O-O 7.O-O d5 8.a3 Bd6
9.b4 c5 10.dxc5 bxc5 11.cxd5 exd5 12.bxc5 Bxc5 13.Bb2 Nbd7 14.Nb3 Bb6 15.a4 a6
16.a5 Ba7 17.Rc1 Ne4 18.Nfd4 Bb8 19.Nf5 Be5 20.Bxe5 Nxe5 21.Bxe4 dxe4 22.Qd4 Qf6
23.Rc5 Qxf5 24.Rxe5 Qf6 25.Nc5 Rad8 26.Qa1 Bd5 27.Nxe4 Bxe4 28.Rxe4 Qxa1
29.Rxa1 f6 30.Rb4 Rfe8 31.Rab1 Re6 32.g4 Rdd6 33.Kg2 Kf7 34.h4 Rd5  1/2-1/2

[Event "ch-ISR"]
[Site "Ramat-Aviv/Modiin ISR"]
[Date "2000.12.28"]
[Round "11"]
[White "Huzman,A"]
[Black "Finkel,A"]
[Result "1/2-1/2"]
[WhiteElo "2574"]
[BlackElo "2467"]

1.d4 Nf6 2.c4 e6 3.Nf3 Bb4+ 4.Nbd2 O-O 5.a3 Bxd2+ 6.Qxd2 d6 7.b4 Qe7 8.Bb2 Re8
9.e3 Nbd7 10.Be2 Nf8 11.Qc2 Ng6 12.h4 b6 13.h5 Nf8 14.h6 g6 15.c5 a5 16.c6 axb4
17.axb4 Rxa1+ 18.Bxa1  1/2-1/2

[Event "Open"]
[Site "Ano Liosia GRE"]
[Date "2000.12.29"]
[Round "3"]
[White "Chatalbashev,B"]
[Black "Skaperdas,K"]
[Result "1-0"]
[WhiteElo "2494"]
[BlackElo "2197"]

1.d4 e6 2.c4 Nf6 3.Nf3 Bb4+ 4.Nbd2 b6 5.a3 Bxd2+ 6.Qxd2 Bb7 7.e3 d6 8.Be2 O-O
9.O-O Nbd7 10.b4 Qe7 11.Bb2 Rfd8 12.Rfd1 Nf8 13.d5 e5 14.Qc2 N6d7 15.e4 c5
16.dxc6 Bxc6 17.Nd2 Nf6 18.f3 Qe8 19.a4 a5 20.b5 Bb7 21.c5 bxc5 22.Nc4 Qe7
23.Bc3 d5 24.exd5 Nxd5 25.Bxa5 Rxa5 26.Nxa5 Ne3 27.Qc3 Nxd1 28.Rxd1 Rxd1+
29.Bxd1 Bd5 30.Bb3 Ba8 31.Nc4 Ng6 32.Qd2 e4 33.fxe4 Qxe4 34.Nd6 Qg4 35.Bxf7+ Kf8
36.Bd5 Qxa4 37.Bxa8 Qa1+ 38.Kf2 Qxa8 39.b6 Qc6 40.b7 Qc7 41.Qb2 Qb8 42.Qb3 c4
43.Nxc4 Nh4 44.Ne5 Qa7+ 45.Ke2 Qa6+ 46.Nd3  1-0

[Event "3rd Hilton Open"]
[Site "Basle SUI"]
[Date "2001.01.02"]
[Round "2"]
[White "Goldstern,F"]
[Black "Riff,JN"]
[Result "0-1"]
[WhiteElo "2386"]
[BlackElo "2165"]

1.d4 Nf6 2.c4 e6 3.Nf3 Bb4+ 4.Nbd2 b6 5.a3 Bxd2+ 6.Qxd2 Bb7 7.e3 d6 8.Be2 Nbd7
9.O-O O-O 10.b4 e5 11.Bb2 Qe7 12.Rfd1 Rfe8 13.d5 b5 14.cxb5 Nb6 15.Rac1 Bxd5
16.Qc2 Rac8 17.Nd2 c5 18.bxc6 Bxc6 19.Qb1 Qe6 20.Ba6 Qg4 21.f3 Qg5 22.Re1 Bd7
23.Bxc8 Bxc8 24.Qd3 d5 25.f4 exf4 26.exf4 Qxf4 27.Bxf6 Rxe1+ 28.Rxe1 gxf6
29.Re7 Bd7 30.Nf3 Bf5 31.Qd4 Be4 32.Rxa7 Nc4 33.Qf2 Bxf3 34.gxf3 Qc1+ 35.Qf1 Qe3+
36.Qf2 Qc1+ 37.Kg2 Ne3+ 38.Kg3 Nf5+ 39.Kh3 d4 40.Ra8+ Kg7 41.Qg2+ Kh6 42.Ra5 Ne3
43.Qf2 Qc8+ 44.Kg3 Qg8+ 45.Kf4 Qg6 46.Qh4+ Kg7  0-1

[Event "108th ch-NZL"]
[Site "Auckland NZL"]
[Date "2001.01.04"]
[Round "5"]
[White "Krstev,A"]
[Black "Barlow,M"]
[Result "0-1"]
[WhiteElo "2146"]
[BlackElo "2166"]

1.d4 Nf6 2.c4 e6 3.Nf3 Bb4+ 4.Nbd2 d5 5.e3 O-O 6.a3 Be7 7.Bd3 c5 8.dxc5 Bxc5
9.Qc2 dxc4 10.Nxc4 a6 11.g4 Nxg4 12.Bxh7+ Kh8 13.h3 Nf6 14.Bd3 b5 15.Nce5 Bd6
16.Be4 Ra7 17.Rg1 Qc7 18.Rg5 Qxc2 19.Bxc2 Rc7 20.Bd3 Bb7 21.Ke2 Be4 22.Bd2 Bxd3+
23.Nxd3 Ne4 24.Rg4 Nxd2 25.Kxd2 Rd8 26.Rag1 Bf8 27.Rd4 Nc6 28.Rc1 Nxd4 29.Rxc7 Nxf3+
30.Kc3 Kg8 31.b4 Bd6 32.Rc6 Be5+ 33.Nxe5 Nxe5 34.Rxa6 Kf8 35.Ra5 Rb8 36.a4 Ke7
37.axb5 Nd7 38.Kc4 Rc8+ 39.Kb3 Rb8 40.Kc4 Rh8 41.Ra7 Rb8 42.f4 f5 43.Rc7 Rb6
44.Rc8 Kd6 45.Rg8 Rb7 46.Rd8 Rb8 47.Rxb8 Nxb8 48.e4 Nd7 49.exf5 exf5 50.Kd4 Nb6
51.Ke3 Kd5 52.Kd3 Na4 53.Ke3 Kc4 54.h4 g6 55.Ke2 Nc3+ 56.Kf3 Nxb5 57.h5 gxh5
58.Kg3 Kd4 59.Kh4 Ke4 60.Kxh5 Kxf4 61.Kg6 Ke4 62.Kg5 f4  0-1

[Event "Belgian Interteams 2000-1"]
[Site "BEL"]
[Date "2001.01.14"]
[Round "12"]
[White "Luminet,D"]
[Black "Winants,L"]
[Result "0-1"]
[WhiteElo "2280"]
[BlackElo "2523"]

1.d4 Nf6 2.c4 e6 3.Nf3 Bb4+ 4.Nbd2 b6 5.a3 Bxd2+ 6.Qxd2 Bb7 7.e3 d6 8.b4 Nbd7
9.Bb2 a5 10.Be2 Ne4 11.Qd3 axb4 12.axb4 Rxa1+ 13.Bxa1 Qa8 14.O-O O-O 15.Rd1 Qa4
16.Nd2 Nxd2 17.Qxd2 Ra8 18.f3 Qb3 19.Qc3 Ra3 20.Qxb3 Rxb3 21.b5 Kf8 22.Kf2 Ra3
23.Bb2 Ra2 24.Rd2 Ke7 25.Bc1 Ra4 26.Rc2 e5 27.Bb2 f6 28.Bd3 g6 29.Be2 Ra2
30.Rd2 Nf8 31.Bc3 Ra4 32.Rc2 Ne6 33.g3 Ra3 34.h4 h6 35.Bb4 Ra4 36.Bc3 Ra8
37.Rd2 g5 38.hxg5 hxg5 39.Rc2 g4 40.fxg4 Ng5 41.d5 Bc8 42.Kg2 Bd7 43.Bb4 Nf7
44.Rb2 Nh6 45.Rc2 Ra4 46.Rb2 Bxg4 47.Bxg4 Nxg4 48.Kf3 f5 49.e4 Kf6 50.Rb3 Ra2
51.Be1 Kg5 52.Rb1 f4 53.gxf4+ exf4 54.e5 Kf5  0-1

[Event "Corus Reserve Gp"]
[Site "Wijk aan Zee NED"]
[Date "2001.01.16"]
[Round "1"]
[White "Markus,J"]
[Black "Ivkov,B"]
[Result "0-1"]
[WhiteElo "2225"]
[BlackElo "2432"]


1.d4 Nf6 2.c4 e6 3.Nf3 Bb4+ 4.Nbd2 d5 5.e3 O-O 6.a3 Be7 7.Bd3 b6 8.O-O Bb7
9.b3 Nbd7 10.Bb2 c5 11.Ne5 cxd4 12.exd4 dxc4 13.Bxc4 b5 14.Be2 Qb6 15.Nxd7 Nxd7
16.Bf3 Bf6 17.Ne4 Rac8 18.Qd3 Rfd8 19.Nxf6+ Nxf6 20.Bxb7 Qxb7 21.a4 bxa4
22.Rxa4 Rb8 23.b4 Nd5 24.Rfa1 Nxb4 25.Qg3 Nc2 26.R1a2 Nxd4 27.Rxd4 Rxd4 28.h4 Rbd8
29.Kh2 h5 30.Bxd4 Rxd4 31.Qg5 Rd5 32.Qg3 a5 33.Rc2 Rd4 34.Kh3 Rg4 35.Qh2 Qb3+
36.f3 Qxc2 37.fxg4 Qd3+  0-1